000 00654nam a22002297a 4500
005 20170124105937.0
010 _aA-953349
020 _c00.00
035 _aA-953349
037 _bCen Lib/Ret
040 _aDPL
_bEN
082 _a320.1
_bKAB
100 _aKabburi, S.K.
_910036
245 _aPolitical theory and organization /
_cby S.K. Kabburi
246 _b
260 _bHimalaya Publishing House
_aMumbai
_c1999
270 _abhalerao margh, girgaon
_bMumbai
_e400004
300 _a226p.
_c20cm(Hb)
650 _aPolitical science
_910037
650 _aFunctions of politics
_910038
942 _2ddc
_cEN
_h320.1
_mKAB
999 _c124257
_d124257